First interim assessment (Record no. 106940)
[ view plain ]
| 000 -LEADER | |
|---|---|
| fixed length control field | 01508cad a22002055a 4500 |
| 001 - CONTROL NUMBER | |
| control field | L137936 |
| 008 - FIXED-LENGTH DATA ELEMENTS--GENERAL INFORMATION | |
| fixed length control field | 070509e20070411xxk f 000 0 eng d |
| 035 ## - SYSTEM CONTROL NUMBER | |
| System control number | (Sirsi) u137936 |
| 041 0# - LANGUAGE CODE | |
| Language code of text/sound track or separate title | eng |
| 050 04 - LIBRARY OF CONGRESS CALL NUMBER | |
| Classification number | 621.31042 $2 18 |
| 110 2# - MAIN ENTRY--CORPORATE NAME | |
| Corporate name or jurisdiction name as entry element | Stakeholder Advisory Group on ELF EMFs |
| 9 (RLIN) | 5179 |
| 245 00 - TITLE STATEMENT | |
| Title | First interim assessment |
| Remainder of title | power lines and property, wiring in homes, and electrical equipment in homes |
| Medium | [electronic resource] |
| 260 ## - PUBLICATION, DISTRIBUTION, ETC. | |
| Place of publication, distribution, etc. | Castle Cary |
| Name of publisher, distributor, etc. | R K Partnership Ltd |
| Date of publication, distribution, etc. | 2007 |
| 520 ## - SUMMARY, ETC. | |
| Summary, etc. | Reports the current state of discussions within the advisory group. It seeks to make recommendations for possible precautionary measures regarding electric and magnetic fields. Contains the consensus views of stakeholder groups. Provides overview of the science and of areas of concern from such fields. Identifies childhood leukaemia as the greatest fear. Assesses the levels of public concern with regards to other potential dangers. Places concerns within the framework of the WHO Precautionary Framework. Considers options for reducing fields from wiring in homes. Discusses issues concerning power lines near property. Presents numerous supporting papers contributing toward the consensus of the stakeholders. |
| 590 ## - LOCAL NOTE (RLIN) | |
| Local note | KA |
| 651 #4 - SUBJECT ADDED ENTRY--GEOGRAPHIC NAME | |
| Geographic name | United Kingdom |
| Chronological subdivision | |
| 690 ## - LOCAL SUBJECT ADDED ENTRY--TOPICAL TERM (OCLC, RLIN) | |
| Topical term or geographic name as entry element | MANAGEMENT-HEALTH AND SAFETY-PUBLIC HEALTH AND SAFETY |
| 856 48 - ELECTRONIC LOCATION AND ACCESS | |
| Uniform Resource Identifier | <a href="https://www.sagedialogue.org.uk/SAGE%20first%20interim%20assessment%20-%20Main%20Report.pdf">https://www.sagedialogue.org.uk/SAGE%20first%20interim%20assessment%20-%20Main%20Report.pdf</a> |
| Public note | View the item free of charge at www.sagedialogue.org.uk |
| 942 ## - ADDED ENTRY ELEMENTS (KOHA) | |
| Suppress in OPAC | 0 |
| Withdrawn status | Lost status | Source of classification or shelving scheme | Damaged status | Not for loan | Home library | Current library | Shelving location | Date acquired | Total Checkouts | Full call number | Barcode | Date last seen | Copy number | Price effective from | Koha item type |
|---|---|---|---|---|---|---|---|---|---|---|---|---|---|---|---|
| Dewey Decimal Classification | Virtual | Virtual | Online | 09/05/2007 | ONLINE PUBLICATION | 137936-1001 | 06/08/2019 | 1 | 06/08/2019 | Book |